000 00982nam a2200313 a 4500
001 75218
003 BD-RjUL
005 20211209082648.0
008 190202s1978 stka b 001 0 eng
020 _a0443014558
035 _a(BD-RjUL)75436
040 _aDLC
_cDLC
_dDLC
_dBD-RjUL
_beng
041 _aeng
060 _aQS4 L349an
082 0 0 _223
_a611
_bLAA 1978
100 1 _aLast, R. J.
_q(Raymond Jack)
_9227619
245 1 0 _aAnatomy, regional and applied /
_cR. J. Last.
250 _a English : 6th ed., ELBS ed
260 _aEdinburgh ;
_aNew York :
_bChurchill Livingstone ;
_bEnglish Language Book Society;
_bdistributed by Longman,
_c1978.
300 _avi, xxiv, 598 p. :
_bill. ;
_c25 cm.
500 _aIncludes index.
504 _aBibliography: p. [575]-582.
650 0 _aAnatomy, Surgical and topographical.
_9227620
650 2 _aAnatomy, Regional.
_9227621
942 _2ddc
_cBK
999 _c75218
_d75218